000 01003nam a2200229 a 4500
001 BRCA_8927
005 20190320210448.0
008 290617s1178----sp-#######---#000-0#spa-#
041 _aspa
044 _asp
084 _aLE12
_b.D53 1778
100 1 _aDíaz de Guereñu, Pedro
_922192
245 1 0 _aAño panegyrico, ó sermones escogidos panegíricos, para los principales misterios de Jesu-Christo nuestro Redentor, y festividades de su Santísima Madre, y Santos que celebra la Iglesia
_brepartidos por los meses del año: sacados de los más clásicos autores
_cpor el Padre Don Pedro Días de Guereñu; tomo quarto; contiene los meses de julio, y agosto.
260 _aMadrid
_bPor Pedro Marin
_c1778
300 _a368 p. (t.4)
_c21 x 15.5 cm
500 _aCon licencia
500 _aEstado físico: presenta encuadernación en pergamino
505 0 _aContiene los meses de julio, y agosto
650 1 4 _aSermones españoles
_yObras anteriores a 1800
_921577
902 _aCFM
942 _2lcc
_cB
999 _c8578
_d8578